00565nam a2200169Ia 4500008004100000100001900041245008800060245001800148260005900166260000900225300001000234650001800244650001500262856002600277999001900303952007300322170221s9999 xx 000 0 und d aParikh, Jinal. aContent Analysis of Print Advertisements of Sports Utility Vehicles (Suvs) In India cJinal Parikh. bOnline Journal of Communication and Media Technologies c2016 a6 : 3 xCommunication xMedia Arts uhttp://www.ojcmt.net/ c306778d306778 001040aCLbCLd2017-02-21l0r2017-02-21 00:00:00w2017-02-21yFOJ